| 000 | 00542nam a2200217 a 4500 | ||
|---|---|---|---|
| 003 | AR-BaBNM | ||
| 005 | 20251128203440.0 | ||
| 008 | 082120s2002 ||||||||||||||000 | spa|| | ||
| 020 | _a950-006-007-3 | ||
| 040 | _cAR-BaBNM | ||
| 100 | 1 | _aCarmona, LucĂa | |
| 245 | 0 | 0 | _aLas infinitas palabras |
| 260 |
_aBuenos Aires _bEdiciones Buenos Aires Sur _c1982 |
||
| 300 |
_a66 p. _bil. |
||
| 650 | 4 | _aLITERATURA ARGENTINA | |
| 650 | 4 | _aPOESIA | |
| 650 | 4 | _aLITERATURA CONTEMPORANEA | |
| 655 | _aLITERATURA | ||
| 942 | _cBK | ||
| 998 | _cMARTIN | ||
| 999 |
_c3430 _d3430 |
||